Refrigeration and air conditioning / (Record no. 1755)
[ view plain ]
| 000 -LEADER | |
|---|---|
| fixed length control field | 00514cam a2200193ua 4500 |
| 020 ## - INTERNATIONAL STANDARD BOOK NUMBER | |
| ISBN | 0-07-451515-2 |
| 041 ## - LANGUAGE CODE | |
| Language code of text/sound track or separate title | eng |
| 082 ## - DEWEY DECIMAL CLASSIFICATION NUMBER | |
| Classification number | 697.93 |
| Item number | ARO/RE |
| 100 ## - MAIN ENTRY--AUTHOR NAME | |
| Personal name | Arora, C P . |
| 245 ## - TITLE STATEMENT | |
| Title | Refrigeration and air conditioning / |
| 250 ## - EDITION STATEMENT | |
| Edition statement | 14 / |
| 260 ## - PUBLICATION, DISTRIBUTION, ETC. (IMPRINT) | |
| Place of publication | New Delhi : |
| Name of publisher | Tata Mc-Graw Hill Publishing Company , |
| Year of publication | 1995. |
| 300 ## - PHYSICAL DESCRIPTION | |
| Number of Pages | 726 : |
| Other physical details | ` ; . |
| 942 ## - ADDED ENTRY ELEMENTS (KOHA) | |
| Koha item type | Books |
| Withdrawn status | Lost status | Damaged status | Collection code | Home library | Current library | Shelving location | Date acquired | Full call number | Accession Number | Koha item type |
|---|---|---|---|---|---|---|---|---|---|---|
| Non-fiction | KAUAET | KAUAET | Scheme | 07/04/2012 | 697.93 | 18854 | Book Bank scheme for SC students | |||
| Non-fiction | KAUAET | KAUAET | Scheme | 07/04/2012 | 697.93 | 18855 | Book Bank scheme for SC students | |||
| Non-fiction | KAUAET | KAUAET | Scheme | 03/09/2012 | 697.93 ARO/RE | 18856 | Book Bank scheme for SC students |
